| 000 | 00623nam a2200169 i 4500 | ||
|---|---|---|---|
| 001 | 33587 | ||
| 003 | ES-MaACL | ||
| 005 | 20230906154802.0 | ||
| 007 | t| | ||
| 008 | 030202s1967 sp ||||1| spa d | ||
| 130 | 0 |
_aBiblia. _pN.T. _pEvangelios. _lEspañol. _9119305 |
|
| 245 | 1 | 0 |
_aEvangelio de N.S. Jesucristo, armonizado y ordenado cronológicamente _b: edición especial para el turismo / _c[versión española del Dr. Dionisio Yubero]. |
| 260 |
_a[Madrid] : _bEpesa [Ediciones y Publicaciones Españolas], _c[1967] |
||
| 300 |
_a340 p. ; _c18 cm. |
||
| 700 | 1 |
_aYubero, Dionisio. _9117727 |
|
| 852 |
_aES-MaACL _jC-32912 |
||
| 999 |
_c33587 _d33587 |
||